000 00296nam a22001337a 4500
008 170607b xxu||||| |||| 00| 0 eng d
020 _a9781577663126
041 _aeng
080 _23RD
_a32
100 _a18
101 _aSHP
245 _aPUBLIC ADMINISTRATION
_cJOHNSON,W.C
942 _2udc
_cBK
999 _c16207
_d16207